000 00373 a2200133 4500
020 _a8123912277
082 _a624.151 SIN
082 _bSIN
100 _aSingh, Alam
245 _aSoil Engineering in Theory and Practice [vol 3]
_cAlam Singh
250 _a2nd ed
260 _aNew Delhi :
_bCBS Publishers and Distributors,
_c2006
300 _axii, 314p. :
_bill. ;
_c25 cm
650 _aSoil Engineering
999 _c968
_d968